Koshihikari monogatari : kome ōkoku de ima nani ga okotte iru ka /

Saved in:
Bibliographic Details
Corporate Author: Yomiuri Shinbunsha. Niigata Shikyoku.
Format: Book
Language:Japanese
Published: Tōkyō : Shakai Shisōsha, 1989.
Edition:Shohan.
Subjects:
Tags: Add Tag
No Tags, Be the first to tag this record!
LEADER 01289nam a2200337 a 4500
001 007769892-4
005 20024617120653.0
008 910430s1989 ja a 001 0 jpn
010 |a 91139137 /AJ 
020 |a 4390603175 :  |c Y1456 
035 0 |a ocm24288993 
040 |a DLC  |c DLC  |d *YNH*  |d CStRLIN 
043 |a a-ja--- 
050 0 |a HD9066.J33  |b N5346 1989 
245 0 0 |6 880-01  |a Koshihikari monogatari :  |b kome ōkoku de ima nani ga okotte iru ka /  |c Yomiuri Shinbun Niigata Shikyoku. 
250 |6 880-02  |a Shohan. 
260 |6 880-03  |a Tōkyō :  |b Shakai Shisōsha,  |c 1989. 
300 |a 238 p. :  |b ill. ;  |c 20 cm. 
500 |a Includes index. 
500 |6 880-04  |a Koshihikari monogatari nenpyō: p. 224-225. 
650 0 |a Rice trade  |z Japan  |z Niigata-ken. 
650 0 |a Rural development  |z Japan  |z Niigata-ken. 
651 0 |a Japan  |x Rural conditions  |y 1945- 
710 2 |6 880-05  |a Yomiuri Shinbunsha.  |b Niigata Shikyoku. 
880 0 0 |6 245-01  |a コシヒカリ物語 :  |b コメ王国でいま何が起こっているか /  |c 読売新聞新澙支局. 
880 |6 250-02  |a 初版. 
880 |6 260-03  |a 東京 :  |b 社会思想社,  |c 1989. 
880 |6 500-04  |a コシヒカリ物語略年表: p. 224-225. 
880 2 |6 710-05  |a 読売新聞社.  |b 新澙支局. 
988 |a 20021214 
906 |0 DLC